Vplyv politického režimu na ekonomiku Juhoafrickej republiky bakalárska práca

Guardado en:
Detalles Bibliográficos
Autor principal: Vadovič, Adam
Autor Corporativo: Fakulta medzinárodných vzťahov EU. Katedra medzinárodných ekonomických vzťahov a hospodárskej diplomacie
Otros Autores: Hlavová, Natália, 1991-
Formato: Libro
Lenguaje:eslovaco
Publicado: Bratislava 2016
Etiquetas: Agregar Etiqueta
Sin Etiquetas, Sea el primero en etiquetar este registro!

MARC

LEADER 00000nbm a2200000 4500
001 0218120
005 20170209122030.0
041 0 |a slo 
044 |a SK 
245 1 0 |a Vplyv politického režimu na ekonomiku Juhoafrickej republiky  |b bakalárska práca  |c Adam Vadovič ; školiteľ: Natália Hlavová 
264 1 |a Bratislava  |c 2016 
300 |a 52 s. 
100 1 |a Vadovič, Adam 
700 1 |a Hlavová, Natália, 1991- 
710 2 |a Fakulta medzinárodných vzťahov EU. Katedra medzinárodných ekonomických vzťahov a hospodárskej diplomacie